000 00506nam a2200181Ia 4500
003 GCL
008 140319s9999 xx 000 0 eng d
040 _aGCL /
_cGCL
082 0 4 _a907.2
_bR A
100 1 _aROTBERG, ROBERT I.
245 1 0 _aART AND HISTORY: IMAGES AND THEIR MEANING /
_cROTBERG, ROBERT I.
700 1 _aRABB, THEODORE K.
260 _a[S.N] :
_bCAMLRIDGE UNIVERSITY PRESS ،
_c1988
300 _a310
650 0 4 _aHISTORIOLOGY
650 0 4 _aINFLUENCE OF VISUAL ARTS
942 _2ddc
_cBK
999 _c17353
_d17353